000 01057cam a2200217 4500
001 ABS65975
008 020925n2002 000 0 eng u
035 _a(Sirsi) u119856
100 _aCharles, S
245 _aDon't be wise after the event
260 _c2002
490 _aEstates Gazette
_v(0232) 10 August 2002, 82-83(2)
520 _aRecommends that if planning permission remains liable to be challenged, a wise developer should insure against risk of loss. Cites "R v Bedfordshire CC ex p Mason and others" [1999] to illustrate that a developer can take a large risk when implementing a planning permission while it is liable to challenge, as increasing numbers of planning decisions are quashed at judicial review on the grounds of illegality, irrationality or procedural impropriety.
590 _aABS
650 _aR V BEDFORDSHIRE CC EX P MASON AND OTHERS
650 _aJUDICIAL REVIEW
650 _aPLANNING DECISIONS
690 _aENVIRONMENTAL AND LAND CONSULTANCY-PLANNING AND DEVELOPMENT
700 _aO'Connor, A
942 _n0
999 _c71235
_d71235